[Event "real kings gambit"]
[Site "SchemingMind.com"]
[Date "2020.04.25"]
[Round "-"]
[White "Robert Bruce"]
[Black "William Lindberg"]
[Result "0-1"]
[WhiteCountry "SCO"]
[BlackCountry "USA"]
[WhiteElo "2410"]
[WhiteRD "63"]
[BlackElo "2443"]
[BlackRD "62"]
[GameID "454113"]

1. e4 e5 2. f4 exf4 3. Nf3 g5 4. h4 g4 5. Ne5 Nf6 6. Bc4 d5 7. exd5 Bd6 8. d4 Nh5 9. Nc3 O-O 10. Ne4 f5
11. Ng5 h6 12. Ne6 Bxe6 13. dxe6 Kh7 14. Nf7 Rxf7 15. exf7 Ng3 16. Bd3 Qe7+ 17. Kd2 Ne4+ 18. Bxe4 Qxe4 19. Re1 Qxg2+ 20. Qe2 f3
21. Qxg2 fxg2 22. Rg1 Nc6 23. Kd3 Rf8 24. Bd2 Rxf7 25. Rxg2 h5 26. Re2 Ne7 27. c4 Ng6 28. c5 Be7 29. Rf1 Bxh4 30. Rh2 c6
31. a3 g3 32. Rh3 f4 33. Ke2 Rd7 34. Kd3 f3 35. Rxf3 Ne5+ 36. Ke4 Nxf3 37. Kxf3 Rf7+ 38. Kg2 Rf2+ 39. Kg1 Rxd2 40. Rxh4 Kg6
41. Rh3 Rxd4 42. Rxg3+ Rg4 43. Rxg4+ hxg4 44. Kg2 a5 45. b3 Kf5 46. Kg3 Ke5 47. b4 axb4 48. axb4 Kd5 49. Kxg4 Kc4 50. Kf4 Kxb4
51. Ke4 Kxc5 52. Kd3 b5 53. Kc3 b4+ 54. Kb3 Kb5 55. Kb2 Kc4 56. Kc2 b3+ 57. Kd2 c5 58. Kc1 Kc3 59. Kb1 b2 60. Ka2 Kc2
61. Ka3 b1=Q 62. Ka4 Qb4#
0-1

[Event "real kings gambit"]
[Site "SchemingMind.com"]
[Date "2020.04.27"]
[Round "-"]
[White "William Lindberg"]
[Black "Robert Bruce"]
[Result "1/2-1/2"]
[WhiteCountry "USA"]
[BlackCountry "SCO"]
[WhiteElo "2443"]
[WhiteRD "62"]
[BlackElo "2410"]
[BlackRD "63"]
[GameID "454114"]

1. e4 e5 2. f4 exf4 3. Nf3 d6 4. Bc4 h6 5. h4 Nf6 6. Nc3 Be7 7. d4 Nh5 8. Ne2 Bg4 9. Qd3 O-O 10. Nxf4 b5
11. Bxb5 c6 12. Nxh5 Bxh5 13. Bc4 d5 14. exd5 cxd5 15. Bb3 Bd6 16. O-O Bg6 17. Qb5 Nd7 18. Bd2 Nb6 19. Rae1 Nc4 20. Bc3 a6
21. Qa4 Rc8 22. Qxa6 Ra8 23. Qb5 Rb8 24. Qc6 Rc8 25. Qb5 Rb8 26. Qa4 Ra8 27. Qb5 Rb8
1/2-1/2

[Event "real kings gambit"]
[Site "SchemingMind.com"]
[Date "2020.04.28"]
[Round "-"]
[White "Robert Bruce"]
[Black "Matthew Bailey"]
[Result "0-1"]
[WhiteCountry "SCO"]
[BlackCountry "ENG"]
[WhiteElo "2404"]
[WhiteRD "66"]
[BlackElo "2518"]
[BlackRD "58"]
[GameID "454194"]

1. e4 e5 2. f4 exf4 3. Nf3 g5 4. h4 g4 5. Ne5 Nf6 6. Bc4 d5 7. exd5 Bd6 8. d4 Nh5 9. O-O Qxh4 10. Qe1 Qxe1
11. Rxe1 O-O 12. Bd3 Re8 13. Bd2 Na6 14. c3 Nc5 15. Bc2 f5 16. dxc5 Bxe5 17. Na3 Bd7 18. Nc4 Bf6 19. d6 Bh4 20. dxc7 Bxe1
21. Bxe1 Rec8 22. Nd6 Rxc7 23. b4 Be6 24. Bd2 Re7 25. Re1 Kf8 26. b5 Rd8 27. c4 Bc8 28. Rd1 Ng3 29. Kh2 Ne2 30. Rf1 Re5
31. Bd3 Rxc5 32. Bb4 b6 33. Bxe2 Rxd6 34. Rxf4 Kg7 35. Kg1 Rd8 36. a4 Rc7 37. a5 Kg6 38. Kf2 Kg5 39. axb6 axb6 40. Kg3 h5
41. Rf1 h4+ 42. Kh2 f4 43. Rb1 h3 44. g3 Ra7 45. gxf4+ Kxf4
0-1

[Event "real kings gambit"]
[Site "SchemingMind.com"]
[Date "2020.04.28"]
[Round "-"]
[White "Matthew Bailey"]
[Black "Robert Bruce"]
[Result "1/2-1/2"]
[WhiteCountry "ENG"]
[BlackCountry "SCO"]
[WhiteElo "2545"]
[WhiteRD "57"]
[BlackElo "2407"]
[BlackRD "67"]
[GameID "454195"]

1. e4 e5 2. f4 Bc5 3. Nf3 d6 4. c3 Bb6 5. d4 exd4 6. cxd4 Bg4 7. Be3 Nf6 8. Nc3 Nc6 9. h3 Bxf3 10. gxf3 d5
11. Qd2 Qd7 12. O-O-O O-O-O 13. Bb5 a6 14. Ba4 Ba5 15. e5 Nh5 16. Kb1 Kb8 17. Qd3 Nb4 18. Qd2 Qe6 19. a3 Nc6 20. Bc2 Ng3
21. Rh2 Nf5 22. Qd3 g6 23. Bf2 Rhf8 24. h4 h5 25. Ne2 Rfe8 26. Ka2 Nce7 27. b4 Bb6 28. Rb1 Nc6 29. Rg2 Ka7 30. Rgg1 Nd6
31. Ba4 Nc4 32. Nc3 Rf8 33. b5 axb5 34. Rxb5 N6a5 35. Bc2 Qd7 36. Rgb1 c6 37. R5b4 Rb8 38. Na4 Bc7 39. Qd1 Qh3 40. Bd3 b5
41. Nc5 Bb6 42. a4 Bxc5 43. dxc5 Qh2 44. Qc2 Ra8 45. axb5 Kb7 46. Ra4 cxb5 47. Rxb5+ Kc7 48. c6 Nxc6 49. Bb6+ Nxb6 50. Qxh2 Nxa4
51. Qc2 Nc3+ 52. Kb2 Ra2+ 53. Kxc3 Rxc2+ 54. Bxc2 Ne7 55. Kd4 Rd8 56. Kc5 Rc8 57. Kd4 Ra8 58. Bb3 Ra1 59. Bxd5 Rd1+ 60. Kc4 Rc1+=
1/2-1/2

[Event "real kings gambit"]
[Site "SchemingMind.com"]
[Date "2020.04.28"]
[Round "-"]
[White "William Lindberg"]
[Black "Matthew Bailey"]
[Result "1/2-1/2"]
[WhiteCountry "USA"]
[BlackCountry "ENG"]
[WhiteElo "2447"]
[WhiteRD "63"]
[BlackElo "2518"]
[BlackRD "58"]
[GameID "454196"]

1. e4 e5 2. f4 d6 3. d3 Nf6 4. Nf3 Nc6 5. Be2 Be7 6. O-O O-O 7. c4 Bg4 8. Nc3 Bxf3 9. Bxf3 Nd4 10. g3 h5
11. Bxh5 c6 12. Bf3 Qd7 13. Bg2 Qg4 14. Qxg4 Nxg4 15. Bh3 Nf6 16. Rf2 Ne6 17. Be3 exf4 18. gxf4 d5 19. cxd5 cxd5 20. f5 Bc5
21. Bxc5 Nxc5 22. e5 d4 23. exf6 dxc3 24. bxc3 gxf6 25. Bf1 Rfd8 26. d4 Ne4 27. Rc2 Rac8 28. Re1 Nd6 29. Bd3 a6 30. Re3 b5
31. Kf2 Rc7 32. Ke1 Kg7 33. Rh3 Rdc8 34. Rg3+ Kf8 35. Kd2 a5 36. Rg1 Ke7 37. Re1+ Kd7 38. h4 b4 39. cxb4 Rxc2+ 40. Bxc2 axb4
41. h5 Rc3 42. Bd3 Ra3 43. Rh1 Rxa2+ 44. Kc1 Ra3 45. Kc2 Ra2+ 46. Kb1 Ra3 47. Bf1 Ra8 48. h6 Rh8 49. Kb2 Kc6 50. Bd3 Rh7
51. Kb3 Nc8 52. Be4+ Kd6 53. Kxb4 Ne7 54. Kc4 Nc8 55. d5 Nb6+ 56. Kd4 Nc8 57. Bc2 Nb6 58. Be4=
1/2-1/2

[Event "real kings gambit"]
[Site "SchemingMind.com"]
[Date "2020.04.28"]
[Round "-"]
[White "Matthew Bailey"]
[Black "William Lindberg"]
[Result "1-0"]
[WhiteCountry "ENG"]
[BlackCountry "USA"]
[WhiteElo "2518"]
[WhiteRD "58"]
[BlackElo "2447"]
[BlackRD "63"]
[GameID "454197"]

1. e4 e5 2. f4 d5 3. exd5 exf4 4. Nf3 Nf6 5. Bc4 Nxd5 6. O-O Be7 7. d4 g5 8. Nc3 Nxc3 9. bxc3 Nc6 10. Re1 O-O
11. Qe2 Be6 12. Bxe6 fxe6 13. Qxe6+ Kh8 14. d5 Bc5+ 15. Kh1 Na5 16. Qe5+ Qf6 17. Nxg5 Qxe5 18. Rxe5 Bd6 19. Re4 Rf5 20. h4 Kg8
21. Rb1 b6 22. c4 c6 23. dxc6 Nxc6 24. Rb5 Re5 25. Rbxe5 Bxe5 26. Ne6 Rc8 27. Bxf4 Bxf4 28. Nxf4 Na5 29. Kh2 Rxc4 30. Rxc4 Nxc4
31. Kg3 Ne3 32. c3 Kg7 33. Kf3 Nf5 34. g3 Kf6 35. Nd5+ Ke5 36. Nb4 Ne7 37. g4 a5 38. Nd3+ Kd5 39. g5 b5 40. Nf4+ Kc4
41. Ke4 a4 42. h5 a3 43. Ne2 Nc6 44. Kf5 Kd3 45. Kf6 Kxe2 46. g6 hxg6 47. hxg6 Na5 48. g7 Nc4 49. g8=Q Kd2 50. Qd5+ Kxc3
51. Qxb5 Kd4 52. Ke6 Ne3 53. Qa5 Nc4 54. Qd5+ Kc3 55. Qe4 Nb2 56. Kd5 Kd2 57. Kd4 Na4 58. Qd3+ Kc1 59. Qc4+ Kd2 60. Qxa4
1-0

[Event "real kings gambit"]
[Site "SchemingMind.com"]
[Date "2020.05.11"]
[Round "-"]
[White "Uzi Mike"]
[Black "Robert Bruce"]
[Result "0-1"]
[WhiteCountry "USA"]
[BlackCountry "SCO"]
[WhiteElo "2215"]
[WhiteRD "78"]
[BlackElo "2450"]
[BlackRD "66"]
[GameID "454698"]

1. e4 e5 2. f4 d5 3. exd5 c6 4. Nc3 exf4 5. Nf3 Bd6 6. d4 Ne7 7. dxc6 Nbxc6 8. Ne4 Bf5 9. Bd3 Nb4 10. Nxd6+ Qxd6
11. Bxf5 Nxf5 12. c3 Nd5 13. Qa4+ Qc6 14. Qxc6+ bxc6 15. Ne5 Rc8 16. Nd3 g5 17. g3 h5 18. gxf4 g4 19. Bd2 f6 20. O-O-O Rd8
21. Nc5 Kf7 22. Nb7 Rb8 23. Na5 Nde7 24. Kb1 Rbd8 25. a3 Rd6 26. b3 Re6 27. Kc2 Nh4 28. Rde1 Nf3 29. Rxe6 Kxe6 30. Nc4 Nd5
31. b4 h4 32. Be1 Kf5 33. Nd6+ Kxf4 34. Kd3 Rd8 35. Ne4 Kf5 36. Nd2 Re8 37. Nxf3 gxf3 38. a4 Re3+
0-1

[Event "real kings gambit"]
[Site "SchemingMind.com"]
[Date "2020.05.10"]
[Round "-"]
[White "Robert Bruce"]
[Black "Uzi Mike"]
[Result "1-0"]
[WhiteCountry "SCO"]
[BlackCountry "USA"]
[WhiteElo "2407"]
[WhiteRD "67"]
[BlackElo "2226"]
[BlackRD "78"]
[GameID "454699"]

1. e4 e5 2. f4 exf4 3. Nf3 g5 4. h4 g4 5. Ne5 d6 6. Nxg4 Be7 7. Nf2 Bxh4 8. d4 Bg3 9. Qf3 Qf6 10. Nc3 Qxd4
11. Bxf4 Bxf4 12. Qxf4 Be6 13. Rd1 Qf6 14. Bb5+ c6 15. Qxd6 cxb5 16. Nxb5 Na6 17. e5 Qg5 18. Qd4 Qxg2 19. Rf1 Kf8 20. Ne4 Qg4
21. Rd2 Re8 22. Nbd6 Re7 23. Rd3 Nc7 24. Rg3 Qh5 25. Rgg1 a5 26. Kd2 a4 27. Kc1 a3 28. b3 Qe2 29. Rf2 Qh5 30. Kb1 Qg6
31. Rfg2 Qh6 32. Rg3 b5 33. Qa7 Bd5 34. Nc5 Ne8 35. Qb8 Bc6 36. Rf3
1-0

[Event "real kings gambit"]
[Site "SchemingMind.com"]
[Date "2020.05.07"]
[Round "-"]
[White "Uzi Mike"]
[Black "William Lindberg"]
[Result "0-1"]
[WhiteCountry "USA"]
[BlackCountry "USA"]
[WhiteElo "2233"]
[WhiteRD "85"]
[BlackElo "2447"]
[BlackRD "63"]
[GameID "454700"]

1. e4 e5 2. f4 exf4 3. Nf3 g5 4. h4 g4 5. Ne5 Nf6 6. Bc4 d5 7. exd5 Bd6 8. d4 Nh5 9. Bb5+ c6 10. dxc6 Nxc6
11. Nxc6 bxc6 12. Bxc6+ Kf8 13. Bxa8 Ng3 14. Kf2 Ba6 15. Bd5 Nxh1+ 16. Qxh1 Kg7 17. Nc3 Qf6 18. Ne2 Re8 19. c4 g3+ 20. Kf1 Qe7
0-1

[Event "real kings gambit"]
[Site "SchemingMind.com"]
[Date "2020.05.08"]
[Round "-"]
[White "William Lindberg"]
[Black "Uzi Mike"]
[Result "1/2-1/2"]
[WhiteCountry "USA"]
[BlackCountry "USA"]
[WhiteElo "2458"]
[WhiteRD "65"]
[BlackElo "2226"]
[BlackRD "78"]
[GameID "454701"]

1. e4 e5 2. f4 exf4 3. Nf3 g5 4. Nc3 Bg7 5. d4 d6 6. g3 g4 7. Nh4 f3 8. Be3 Nf6 9. Qd2 d5 10. exd5 Nxd5
11. Bg5 Qd6 12. O-O-O O-O 13. Nxd5 Qxd5 14. Bh6 f6 15. Bxg7 Kxg7 16. h3 Qxa2 17. Qf4 Qa1+ 18. Kd2 Qa5+ 19. c3 Qg5 20. Bd3 Nc6
21. hxg4 Bxg4 22. Nf5+ Bxf5 23. Bxf5 h6 24. Rh4 Qxf4+ 25. Rxf4 Ne7 26. Be4 c6 27. Rxf3 Rad8 28. b4 Nd5 29. Bf5 a6 30. Rh1 Rh8
31. Bb1 Rhg8 32. Be4 Rh8 33. Rh4 Kf7 34. Rh2 Rde8 35. Bxd5+ cxd5 36. Rh5 Rd8 37. g4 Rd7 38. Kd3 Kg7 39. Rfh3 Rd6 40. Re3 Kf7=
1/2-1/2

[Event "real kings gambit"]
[Site "SchemingMind.com"]
[Date "2020.05.08"]
[Round "-"]
[White "Uzi Mike"]
[Black "Matthew Bailey"]
[Result "0-1"]
[WhiteCountry "USA"]
[BlackCountry "ENG"]
[WhiteElo "2226"]
[WhiteRD "78"]
[BlackElo "2545"]
[BlackRD "57"]
[GameID "454702"]

1. e4 e5 2. f4 d5 3. exd5 exf4 4. Nf3 Nf6 5. Bb5+ c6 6. dxc6 Nxc6 7. d4 Bd6 8. O-O O-O 9. c4 Bg4 10. Nc3 Bc7
11. Ne2 Nh5 12. Bxc6 bxc6 13. Qd3 Qd7 14. Bd2 Bf5 15. Qc3 f6 16. Nc1 g5 17. Nb3 g4 18. Nc5 Qd8 19. Nh4 Bc8 20. Be1 f5
21. Rd1 a5 22. Rd3 Bd6 23. b3 Ra7 24. a3 Re8 25. Nf3 gxf3 26. Rdxf3 Rg7 27. Nd3 Bc7 28. Bd2 Qg5 29. R1f2 Re3 30. Bxe3 fxe3
31. Rb2 f4 32. Ne1 Nf6 33. Rf1 Ne4 34. Qd3 Bf5 35. Qd1 h5 36. c5 h4 37. h3 Bxh3 38. Qd3 Bf5 39. Rf3 Ng3 40. Qc4+ Kf8
41. Qa6 h3 42. Qa8+ Kf7
0-1

[Event "real kings gambit"]
[Site "SchemingMind.com"]
[Date "2020.05.08"]
[Round "-"]
[White "Matthew Bailey"]
[Black "Uzi Mike"]
[Result "1-0"]
[WhiteCountry "ENG"]
[BlackCountry "USA"]
[WhiteElo "2545"]
[WhiteRD "57"]
[BlackElo "2226"]
[BlackRD "78"]
[GameID "454703"]

1. e4 e5 2. f4 exf4 3. Nf3 g5 4. Nc3 Bg7 5. d4 d6 6. g3 g4 7. Nh4 Nc6 8. Bxf4 Bxd4 9. Bb5 Bxc3+ 10. bxc3 Be6
11. Bxc6+ bxc6 12. O-O Ne7 13. Bg5 Rg8 14. Bf6 Qb8 15. Rb1 Qc8 16. e5 Qd7 17. Re1 Nd5 18. Qd3 Nxf6 19. exf6 Rg5 20. Nf5 Kf8
21. Ne7 Rh5 22. Rb7 a5 23. c4 Re8 24. Ra7 Rh6 25. Qd4 Rh5 26. Qf4 Bf5 27. Rxa5 c5 28. Ra3 h6 29. Rae3 Bxc2 30. a4 Rd8
31. a5 Rg5 32. a6
1-0

[Event "real kings gambit"]
[Site "SchemingMind.com"]
[Date "2020.05.08"]
[Round "-"]
[White "Uzi Mike"]
[Black "Randy Bahr"]
[Result "1-0"]
[WhiteCountry "USA"]
[BlackCountry "USA"]
[WhiteElo "2233"]
[WhiteRD "85"]
[BlackElo "1736"]
[BlackRD "70"]
[GameID "454776"]

1. e4 e5 2. f4 Nc6 3. Nf3 f5 4. exf5 exf4 5. d4 d5 6. Bb5 Bxf5 7. Qe2+ Qe7 8. Ne5 Bd7 9. Bxc6 Bxc6 10. Bxf4 Qe6
11. Nc3 O-O-O 12. O-O Nf6 13. Nxc6 Qxc6 14. Nb5 Qe8 15. Qd3 Bd6 16. Bxd6 cxd6 17. Qc3+ Kb8 18. Qc7+ Ka8 19. Qa5 Qe3+ 20. Kh1 a6
21. Rae1 Qh6 22. Nc7+ Kb8 23. Nxa6+ bxa6 24. Qb6+ Kc8 25. Rf3 Ne4 26. Qc6+
1-0

[Event "real kings gambit"]
[Site "SchemingMind.com"]
[Date "2020.05.08"]
[Round "-"]
[White "Randy Bahr"]
[Black "Uzi Mike"]
[Result "0-1"]
[WhiteCountry "USA"]
[BlackCountry "USA"]
[WhiteElo "1736"]
[WhiteRD "70"]
[BlackElo "2233"]
[BlackRD "85"]
[GameID "454777"]

1. e4 e5 2. f4 exf4 3. Bc4 Qh4+ 4. Kf1 d6 5. d4 Bg4 6. Nf3 Qf6 7. Qd3 Nc6 8. e5 dxe5 9. dxe5 Nxe5 10. Nxe5 Qxe5
11. Qd5 Qxd5 12. Bxd5 O-O-O 13. Nc3 Bd6 14. Bxf7 Be5 15. h3 Bxc3 16. Bxf4 Bxb2 17. hxg4 Bxa1 18. Be6+ Kb8 19. Kf2 Bd4+ 20. Kf3 Ne7
21. c3 Nc6
0-1

[Event "real kings gambit"]
[Site "SchemingMind.com"]
[Date "2020.05.11"]
[Round "-"]
[White "Robert Bruce"]
[Black "Randy Bahr"]
[Result "1-0"]
[WhiteCountry "SCO"]
[BlackCountry "USA"]
[WhiteElo "2410"]
[WhiteRD "63"]
[BlackElo "1729"]
[BlackRD "70"]
[GameID "454778"]

1. e4 e5 2. f4 Nc6 3. Nf3 f5 4. exf5 exf4 5. d4 d5 6. Bd3 Bd6 7. Nc3 Nf6 8. Qe2+ Qe7 9. Qxe7+ Nxe7 10. Nh4 O-O
11. O-O Nh5 12. Be2 Nxf5 13. Nxf5 Rxf5 14. Nb5 Nf6 15. Nxd6 cxd6 16. Bd3 Ne4 17. Bxf4 Bd7 18. Bxe4 dxe4 19. Bxd6 Re8 20. Rac1 b5
21. Rfe1 a6 22. b3 Bc6 23. h3 Rd8 24. Bc5 Re8 25. c4 Kf7 26. d5 Bd7 27. Be3 Kg6 28. g4 Rf3 29. c5 Rxh3 30. c6 Bxg4
31. d6 Rf8 32. d7 Rff3 33. Rc2 Rhg3+ 34. Rg2 h5 35. d8=Q
1-0

[Event "real kings gambit"]
[Site "SchemingMind.com"]
[Date "2020.05.12"]
[Round "-"]
[White "Randy Bahr"]
[Black "Robert Bruce"]
[Result "0-1"]
[WhiteCountry "USA"]
[BlackCountry "SCO"]
[WhiteElo "1729"]
[WhiteRD "70"]
[BlackElo "2410"]
[BlackRD "63"]
[GameID "454779"]

1. e4 e5 2. f4 exf4 3. Bc4 h6 4. Nf3 d6 5. O-O g5 6. d4 Bg7 7. c3 Nc6 8. g3 Bh3 9. Rf2 Nf6 10. gxf4 Nxe4
11. Re2 d5 12. fxg5 Qd7 13. Bxd5 Qg4+ 14. Kh1 f5 15. Nbd2 O-O-O 16. Be6+ Kb8 17. Bxf5 Qxf5 18. Rxe4 hxg5 19. Ng1 Bg2+ 20. Kxg2 Rxh2+
21. Kxh2 Qf2+ 22. Kh3 Rh8+ 23. Kg4 Rh4+ 24. Kxg5 Qf6#
0-1

[Event "real kings gambit"]
[Site "SchemingMind.com"]
[Date "2020.05.08"]
[Round "-"]
[White "William Lindberg"]
[Black "Randy Bahr"]
[Result "1-0"]
[WhiteCountry "USA"]
[BlackCountry "USA"]
[WhiteElo "2443"]
[WhiteRD "62"]
[BlackElo "1729"]
[BlackRD "70"]
[GameID "454780"]

1. e4 e5 2. f4 Nc6 3. Nf3 f5 4. exf5 exf4 5. Nc3 Bc5 6. d4 Nxd4 7. Nxd4 Qh4+ 8. Ke2 Bxd4 9. Qxd4 f3+ 10. Ke3 fxg2
11. Bxg2 Qxd4+ 12. Kxd4 Kf7 13. Bd5+ Kf6 14. Rg1
1-0

[Event "real kings gambit"]
[Site "SchemingMind.com"]
[Date "2020.05.08"]
[Round "-"]
[White "Randy Bahr"]
[Black "William Lindberg"]
[Result "0-1"]
[WhiteCountry "USA"]
[BlackCountry "USA"]
[WhiteElo "1729"]
[WhiteRD "70"]
[BlackElo "2443"]
[BlackRD "62"]
[GameID "454781"]

1. e4 e5 2. f4 exf4 3. Bc4 Qh4+ 4. Kf1 d6 5. d4 Be6 6. d5 Bg4 7. Be2 Nf6 8. Nf3 Bxf3 9. Bxf3 g5 10. g3 fxg3
11. Qe1 Nh5 12. Bxh5 Qxh5 13. h3 Bg7 14. c3 Nd7 15. Qxg3 Ne5 16. Nd2 f5 17. exf5 O-O 18. Kg2 Rxf5 19. Re1 Raf8 20. b3 Qf7
21. Re2 Nf3 22. Ne4 Nh4+
0-1

[Event "real kings gambit"]
[Site "SchemingMind.com"]
[Date "2020.05.08"]
[Round "-"]
[White "Matthew Bailey"]
[Black "Randy Bahr"]
[Result "1-0"]
[WhiteCountry "ENG"]
[BlackCountry "USA"]
[WhiteElo "2498"]
[WhiteRD "58"]
[BlackElo "1729"]
[BlackRD "70"]
[GameID "454782"]

1. e4 e5 2. f4 Nc6 3. Nf3 f5 4. exf5 exf4 5. d4 d5 6. Bd3 Bd6 7. Nc3 Qe7+ 8. Kf2 Kf7 9. Nxd5 Qd8 10. c3 h6
11. Nxf4 Bxf4 12. Qb3+ Kf6 13. Bxf4 Nge7 14. Be5+
1-0

[Event "real kings gambit"]
[Site "SchemingMind.com"]
[Date "2020.05.08"]
[Round "-"]
[White "Randy Bahr"]
[Black "Matthew Bailey"]
[Result "0-1"]
[WhiteCountry "USA"]
[BlackCountry "ENG"]
[WhiteElo "1729"]
[WhiteRD "70"]
[BlackElo "2498"]
[BlackRD "58"]
[GameID "454783"]

1. e4 e5 2. f4 d5 3. exd5 exf4 4. Nf3 Nf6 5. Bb5+ c6 6. dxc6 Nxc6 7. d4 Bd6 8. O-O O-O 9. Bxc6 bxc6 10. c4 Bg4
11. Qc2 Bc7 12. Ne5 Qxd4+ 13. Kh1 Bxe5 14. Nc3 Qxc4 15. Bd2 Rad8
0-1

[Event "real kings gambit"]
[Site "SchemingMind.com"]
[Date "2020.05.14"]
[Round "-"]
[White "Uzi Mike"]
[Black "Mihir Chandrashekhar"]
[Result "1-0"]
[WhiteCountry "USA"]
[BlackCountry "IND"]
[WhiteElo "2226"]
[WhiteRD "78"]
[BlackElo "1717"]
[BlackRD "66"]
[GameID "455137"]

1. e4 e5 2. f4 exf4 3. Nf3 Be7 4. Bc4 Nf6 5. d3 c6 6. e5 Ng4 7. Bxf4 d5 8. exd6 Bxd6 9. Qe2+ Be7 10. Bg5 h6
11. Bxe7 Qxe7 12. Qxe7+ Kxe7 13. O-O Re8 14. Nh4 Be6 15. Bxe6 Kxe6 16. Nf5 Rg8 17. Nc3
1-0

[Event "real kings gambit"]
[Site "SchemingMind.com"]
[Date "2020.05.19"]
[Round "-"]
[White "Mihir Chandrashekhar"]
[Black "Uzi Mike"]
[Result "0-1"]
[WhiteCountry "IND"]
[BlackCountry "USA"]
[WhiteElo "1717"]
[WhiteRD "66"]
[BlackElo "2226"]
[BlackRD "78"]
[GameID "455138"]

1. e4 e5 2. f4 exf4 3. Nf3 g5 4. h4 g4 5. Ng5 h6 6. Nxf7 Kxf7 7. Bc4+ d5 8. Bxd5+ Ke8 9. O-O c6 10. Bb3 Bc5+
11. Kh1 Qxh4#
0-1

[Event "real kings gambit"]
[Site "SchemingMind.com"]
[Date "2020.05.17"]
[Round "-"]
[White "Robert Bruce"]
[Black "Mihir Chandrashekhar"]
[Result "1-0"]
[WhiteCountry "SCO"]
[BlackCountry "IND"]
[WhiteElo "2407"]
[WhiteRD "67"]
[BlackElo "1717"]
[BlackRD "66"]
[GameID "455139"]

1. e4 e5 2. f4 exf4 3. Nf3 d6 4. d4 g5 5. g3 g4 6. Nh4 f3 7. Nc3 Be7 8. Be3 Bxh4 9. gxh4 Qxh4+ 10. Bf2 Qe7
11. Qd2 Nc6 12. O-O-O Bd7 13. Nd5 Qd8 14. h3 Be6 15. hxg4 Bxd5 16. exd5 Nce7 17. Bd3 Qd7 18. Qg5
1-0

[Event "real kings gambit"]
[Site "SchemingMind.com"]
[Date "2020.05.19"]
[Round "-"]
[White "Mihir Chandrashekhar"]
[Black "Robert Bruce"]
[Result "0-1"]
[WhiteCountry "IND"]
[BlackCountry "SCO"]
[WhiteElo "1776"]
[WhiteRD "78"]
[BlackElo "2404"]
[BlackRD "66"]
[GameID "455140"]

1. e4 e5 2. f4 exf4 3. Nf3 Ne7 4. d4 d5 5. Bxf4 dxe4 6. Ng5 Nd5 7. Nxf7 Kxf7 8. Bc4 Be6 9. O-O Kg8 10. Nd2 Nxf4
11. Rxf4 Qxd4+
0-1

[Event "real kings gambit"]
[Site "SchemingMind.com"]
[Date "2020.05.15"]
[Round "-"]
[White "William Lindberg"]
[Black "Mihir Chandrashekhar"]
[Result "1-0"]
[WhiteCountry "USA"]
[BlackCountry "IND"]
[WhiteElo "2447"]
[WhiteRD "63"]
[BlackElo "1776"]
[BlackRD "78"]
[GameID "455141"]

1. e4 e5 2. f4 exf4 3. Nf3 Be7 4. Nc3 d6 5. Bc4 Nf6 6. d3 O-O 7. Bxf4 Bg4 8. h3 Bxf3 9. Qxf3 Nc6 10. O-O-O Ne5
11. Qf2 Nxc4 12. dxc4 Nh5 13. Bh2 Bg5+ 14. Kb1 Qf6 15. Qe2 Nf4 16. Bxf4 Qxf4 17. Nd5
1-0

[Event "real kings gambit"]
[Site "SchemingMind.com"]
[Date "2020.05.19"]
[Round "-"]
[White "Mihir Chandrashekhar"]
[Black "William Lindberg"]
[Result "0-1"]
[WhiteCountry "IND"]
[BlackCountry "USA"]
[WhiteElo "1776"]
[WhiteRD "78"]
[BlackElo "2447"]
[BlackRD "63"]
[GameID "455142"]

1. e4 e5 2. f4 exf4 3. Nf3 g5 4. h4 d5 5. Nxg5 h6 6. Qh5 Qe7 7. Be2 Nf6 8. Qxf7+ Qxf7 9. Nxf7 Kxf7 10. e5 Ne4
11. O-O Bc5+
0-1

[Event "real kings gambit"]
[Site "SchemingMind.com"]
[Date "2020.05.19"]
[Round "-"]
[White "Mihir Chandrashekhar"]
[Black "Matthew Bailey"]
[Result "0-1"]
[WhiteCountry "IND"]
[BlackCountry "ENG"]
[WhiteElo "1776"]
[WhiteRD "78"]
[BlackElo "2518"]
[BlackRD "58"]
[GameID "455143"]

1. e4 e5 2. f4 d5 3. exd5 exf4 4. Nf3 Nf6 5. Bc4 Nxd5 6. d4 Be6 7. O-O Ne3 8. Bxe3 Bxc4 9. Bxf4 Bxf1 10. Qxf1 c6
11. Nbd2 Be7 12. c3 O-O 13. Re1 Nd7 14. Ne5 Nxe5 15. Bxe5 Re8 16. Qf3 f6 17. Bg3 Qa5 18. a3 Bf8 19. Re4 Qb5
0-1

[Event "real kings gambit"]
[Site "SchemingMind.com"]
[Date "2020.05.14"]
[Round "-"]
[White "Matthew Bailey"]
[Black "Mihir Chandrashekhar"]
[Result "1-0"]
[WhiteCountry "ENG"]
[BlackCountry "IND"]
[WhiteElo "2518"]
[WhiteRD "58"]
[BlackElo "1776"]
[BlackRD "78"]
[GameID "455144"]

1. e4 e5 2. f4 exf4 3. Nf3 Be7 4. Be2 d6 5. d4 Bg4 6. Bxf4 Bxf3 7. Bxf3 Bg5 8. Bg3 Bh4 9. Qd2 Qg5 10. Qxg5 Bxg5
11. Na3 Nc6 12. c3 a6 13. Nc4 h5 14. h4 Be7 15. a4 Nf6 16. b4 g6 17. d5 Nb8 18. e5 dxe5 19. Bxe5 Nbd7 20. Bxc7 O-O
21. d6 Bd8 22. Bxb7
1-0

[Event "real kings gambit"]
[Site "SchemingMind.com"]
[Date "2020.05.14"]
[Round "-"]
[White "Mihir Chandrashekhar"]
[Black "Randy Bahr"]
[Result "1-0"]
[WhiteCountry "IND"]
[BlackCountry "USA"]
[WhiteElo "1717"]
[WhiteRD "66"]
[BlackElo "1774"]
[BlackRD "69"]
[GameID "455145"]

1. e4 e5 2. f4 Nc6 3. Nc3 exf4 4. Nf3 Nf6 5. Bc4 d6 6. d3 Ne5 7. Bxf4 Nxc4 8. dxc4 Bg4 9. O-O g6 10. e5 Nh5
11. Bg5 Qd7 12. exd6 Bxd6 13. Re1+ Be6 14. Qd4 O-O 15. Ne4 Rfe8 16. Rad1 Bb4 17. Qxd7 Bxd7 18. c3 Bc6 19. cxb4 Bxe4 20. Nd4 f6
21. Bc1 Bd3 22. Rxe8+ Rxe8 23. Rxd3 Re1+ 24. Kf2 Rxc1 25. b3 a6 26. Re3 Kf7 27. b5 axb5 28. Nxb5 Rc2+ 29. Re2 Rxe2+ 30. Kxe2 Nf4+=
31. Kf3 Ne6 32. Ke4 c6 33. Nd6+ Ke7 34. Nxb7 Kd7 35. b4 Kc7 36. Nc5 Nd8 37. a4 Kd6 38. a5 Kc7 39. g4
1-0

[Event "real kings gambit"]
[Site "SchemingMind.com"]
[Date "2020.05.14"]
[Round "-"]
[White "Randy Bahr"]
[Black "Mihir Chandrashekhar"]
[Result "1/2-1/2"]
[WhiteCountry "USA"]
[BlackCountry "IND"]
[WhiteElo "1736"]
[WhiteRD "70"]
[BlackElo "1776"]
[BlackRD "78"]
[GameID "455146"]

1. e4 e5 2. f4 exf4 3. Bc4 d5 4. Bxd5 Nf6 5. Nc3 Bb4 6. Nf3 Bxc3 7. dxc3 Nxd5 8. exd5 O-O 9. O-O c6 10. dxc6 Qb6+
11. Qd4 Qxd4+ 12. cxd4 Nxc6 13. Bxf4 Bg4 14. Ne5 Nxe5 15. Bxe5 f6 16. Bg3 Rac8 17. c3 Rfe8 18. Rfe1 Kf7 19. Kf2 b5 20. Rxe8 Rxe8
21. Re1 Rxe1 22. Kxe1 Be6 23. a3 a5 24. a4 bxa4 25. Bc7 Bc4 26. Bxa5 Ke6=
1/2-1/2